Spell the Marvel Character #212 - Statistics

General Stats
  • This quiz has been taken 14 times
  • The average score is 8 of 9
Answer Stats
Picture Answer % Correct
Beast
100%
Hit-Monkey
100%
Human Torch
100%
Professor X
100%
Emma Frost
91%
Hepzibah
73%
Inferno
73%
Zabu
73%
Abigail Brand
64%
No matching quizzes found
Score Distribution
Percent of People with Each Score
Percentile by Number Answered
Your Score History
You have not taken this quiz